Green jobs in the forest sector: Geneva timber and forest discussion paper 71 (Record no. 44937)

MARC details
000 -LEADER
fixed length control field 00811nam a2200157 a 4500
008 - FIXED-LENGTH DATA ELEMENTS--GENERAL INFORMATION
fixed length control field 190520s2018 ||||||||||||||||| || u
020 ## - INTERNATIONAL STANDARD BOOK NUMBER
International Standard Book Number 9789211171600
050 ## - LIBRARY OF CONGRESS CALL NUMBER
Classification number UNECE(02)2018/6
110 ## - MAIN ENTRY--CORPORATE NAME
Corporate name or jurisdiction name as entry element United Nations Economic Commission for Europe (UNECE)
245 10 - TITLE STATEMENT
Title Green jobs in the forest sector: Geneva timber and forest discussion paper 71
Statement of responsibility, etc. by United Nations Economic Commission for Europe (UNECE)
260 ## - PUBLICATION, DISTRIBUTION, ETC.
Place of publication, distribution, etc. New York
Name of publisher, distributor, etc. United Nations Economic Commission for Europe (UNECE)
Date of publication, distribution, etc. 2018
300 ## - PHYSICAL DESCRIPTION
Extent 75pages.: illustrations
500 ## - GENERAL NOTE
General note Includes bibliography.
650 ## - SUBJECT ADDED ENTRY--TOPICAL TERM
Topical term or geographic name entry element FORESTS AND FORESTRY --VOCATIONAL GUIDANCE
995 ## - RECOMMENDATION 995 [LOCAL, UNIMARC FRANCE]
-- CBU-MAIN LIBRARY (Kitwe)
-- 1
-- AVAILABLE
-- May 20, 2019
-- United Nations Economic Commission for Europe
-- International Publications
Holdings
Withdrawn status Lost status Source of classification or shelving scheme Damaged status Not for loan Home library Current library Shelving location Date acquired Total Checkouts Full call number Barcode Date last seen Price effective from Koha item type
          CBU-MAIN LIBRARY, KITWE. CBU-MAIN LIBRARY, KITWE.   11/30/2022   UNECE(02)2018/6 B3947 11/30/2022 11/30/2022 MONOGRAPH